Особенности самопрезентации языковой личности с суицидальным поведением; Казанская наука; № 6
| Parent link: | Казанская наука № 6.— 2019.— [С. 36-40] |
|---|---|
| Tác giả chính: | |
| Tác giả của công ty: | |
| Tác giả khác: | , |
| Tóm tắt: | Заглавие с экрана В статье анализируются особенности языковой личности с суицидальным поведением. Материал - тексты, опубликованные в социальной сети «ВКонтакте». Цель - выявление черт речевого портрета, отраженных в высказываниях о себе. Режим доступа: по договору с организацией-держателем ресурса |
| Ngôn ngữ: | Tiếng Nga |
| Được phát hành: |
2019
|
| Những chủ đề: | |
| Truy cập trực tuyến: | https://elibrary.ru/item.asp?id=41110105 |
| Định dạng: | Điện tử Chương của sách |
| KOHA link: | https://koha.lib.tpu.ru/cgi-bin/koha/opac-detail.pl?biblionumber=660775 |
MARC
| LEADER | 00000naa0a2200000 4500 | ||
|---|---|---|---|
| 001 | 660775 | ||
| 005 | 20250408132053.0 | ||
| 035 | |a (RuTPU)RU\TPU\network\30774 | ||
| 090 | |a 660775 | ||
| 100 | |a 20191021d2019 k||y0rusy50 ca | ||
| 101 | 0 | |a rus | |
| 102 | |a RU | ||
| 135 | |a drcn ---uucaa | ||
| 181 | 0 | |a i | |
| 182 | 0 | |a b | |
| 200 | 1 | |a Особенности самопрезентации языковой личности с суицидальным поведением |d Features of language person self-presentation with suicidal behavior |f Т. Ф. Волкова, Л. М. Гриценко, Т. А. Демидова | |
| 203 | |a Текст |c электронный | ||
| 300 | |a Заглавие с экрана | ||
| 320 | |a [Библиогр.: с. 39 (12 назв.)] | ||
| 330 | |a В статье анализируются особенности языковой личности с суицидальным поведением. Материал - тексты, опубликованные в социальной сети «ВКонтакте». Цель - выявление черт речевого портрета, отраженных в высказываниях о себе. | ||
| 333 | |a Режим доступа: по договору с организацией-держателем ресурса | ||
| 461 | |t Казанская наука | ||
| 463 | |t № 6 |v [С. 36-40] |d 2019 | ||
| 510 | 1 | |a Features of language person self-presentation with suicidal behavior |z eng | |
| 610 | 1 | |a электронный ресурс | |
| 610 | 1 | |a труды учёных ТПУ | |
| 610 | 1 | |a языковая личность | |
| 610 | 1 | |a речевой портрет | |
| 610 | 1 | |a суицидальное поведение | |
| 610 | 1 | |a идиолекты | |
| 610 | 1 | |a тексты | |
| 700 | 1 | |a Волкова |b Т. Ф. |c лингвист |c доцент Томского политехнического университета, кандидат филологических наук |f 1974- |g Татьяна Фёдоровна |3 (RuTPU)RU\TPU\pers\24589 |9 10887 | |
| 701 | 1 | |a Гриценко |b Л. М. |c лингвист |c доцент Томского политехнического университета, кандидат филологических наук |f 1978- |g Любовь Михайловна |3 (RuTPU)RU\TPU\pers\28279 |9 13223 | |
| 701 | 1 | |a Демидова |b Т. А. |c лингвист |c доцент Томского политехнического университета, кандидат филологических наук |f 1981- |g Татьяна Александровна |3 (RuTPU)RU\TPU\pers\28278 |9 13222 | |
| 712 | 0 | 2 | |a Национальный исследовательский Томский политехнический университет |b Школа базовой инженерной подготовки |b Отделение русского языка |3 (RuTPU)RU\TPU\col\23517 |
| 801 | 2 | |a RU |b 63413507 |c 20191021 |g RCR | |
| 856 | 4 | |u https://elibrary.ru/item.asp?id=41110105 | |
| 942 | |c CF | ||